Lloyd's list law reports: Easter and Trinity sittings(1941 vol.70). / (Record no. 3280)

MARC details
000 -LEADER
fixed length control field 00476nam a22001457a 4500
008 - FIXED-LENGTH DATA ELEMENTS--GENERAL INFORMATION
fixed length control field 140811b xxu||||| |||| 00| 0 eng d
050 ## - LIBRARY OF CONGRESS CALL NUMBER
Classification number KD1815.A2.L57(1941 vol.70)
245 ## - TITLE STATEMENT
Title Lloyd's list law reports: Easter and Trinity sittings(1941 vol.70). /
Statement of responsibility, etc. edited by H.P. Henley
260 ## - PUBLICATION, DISTRIBUTION, ETC.
Place of publication, distribution, etc. London:
Name of publisher, distributor, etc. Lloyd's,
Date of publication, distribution, etc. 1941.
300 ## - PHYSICAL DESCRIPTION
Extent ix, 347p.:
Dimensions 24cm
440 ## - SERIES STATEMENT/ADDED ENTRY--TITLE
Name of part/section of a work Easter and Trinity sittings, 1941
Volume/sequential designation Vol. 70
500 ## - GENERAL NOTE
General note Includes index
800 ## - SERIES ADDED ENTRY--PERSONAL NAME
Personal name Henley, H.P.
942 ## - ADDED ENTRY ELEMENTS (KOHA)
Source of classification or shelving scheme Library of Congress Classification
Koha item type Books
Holdings
Withdrawn status Lost status Source of classification or shelving scheme Damaged status Not for loan Home library Current library Shelving location Date acquired Total Checkouts Full call number Barcode Date last seen Price effective from Koha item type
    Library of Congress Classification     WISCONSIN INTERNATIONAL UNIVERSITY COLLEGE, GHANA - MAIN LIBRARY WISCONSIN INTERNATIONAL UNIVERSITY COLLEGE, GHANA - MAIN LIBRARY Law Library 11/08/2014   KD1815.A2.L57(1941 vol.70) 1226/215/14 11/08/2014 11/08/2014 Books

If you have any concerns or questions; kindly contact the library


© Powered by WIUC ICT DIRECTORATE